[Event "SLO-chT3 West"]
[Site "Komenda"]
[Date "2019.12.07"]
[Round "2.4"]
[White "Meze Ivanic, Ema"]
[Black "Danculovic, Jovica"]
[Result "0-1"]
[WhiteElo "1147"]
[BlackElo "1813"]
[PlyCount "74"]
[EventDate "2019.12.06"]
[EventType "team-swiss"]
[EventRounds "5"]
[EventCountry "SLO"]
[SourceTitle "EXT 2024"]
[Source "ChessBase"]
[SourceDate "2023.10.10"]
[SourceVersion "1"]
[SourceVersionDate "2023.10.10"]
[SourceQuality "1"]
[WhiteTeam "Postojna"]
[BlackTeam "Stari Trg ob Kolpi"]
[WhiteTeamCountry "SLO"]
[BlackTeamCountry "SLO"]

1. e4 c5 2. Nf3 d6 3. Bb5+ Nd7 4. 0-0 Ngf6 5. Nc3 g6 6. d3 Bg7 7. Be3 0-0 8. d4 Ng4 9. dxc5 Nxe3 10. fxe3 Nxc5 11. Ng5 h6 12. Nf3 Bxc3 13. bxc3 Nxe4 14. Qd3 Nc5 15. Nd4 Nxd3 16. cxd3 Qa5 17. Rfc1 e5 18. Nb3 Qxb5 19. c4 Qb6 20. Re1 a5 21. Nd2 Bf5 22. Rab1 Qa7 23. Rb3 a4 24. Ra3 Qa5 25. Rd1 Bg4 26. Nb3 Qb4 27. Rb1 Qxa3 28. Nd2 Qxa2 29. Rxb7 Qxd2 30. h3 Qxe3+ 31. Kh2 Bf3 32. Kg3 Qf4+ 33. Kf2 Bxb7+ 34. Ke2 Bxg2 35. Kd1 Qf2 36. Kc1 a3 37. Kb1 Qb2# 0-1

[Event "Otocec Krka Terme op"]
[Site "Otocec"]
[Date "2018.12.29"]
[Round "9"]
[White "Jaksa, Cvetko"]
[Black "Danculovic, Jovica"]
[Result "1-0"]
[WhiteElo "1897"]
[BlackElo "1854"]
[PlyCount "73"]
[EventDate "2018.12.25"]
[EventType "swiss"]
[EventRounds "9"]
[EventCountry "SLO"]
[SourceTitle "EXT 2020"]
[Source "ChessBase"]
[SourceDate "2019.10.17"]
[SourceVersion "1"]
[SourceVersionDate "2019.10.17"]
[SourceQuality "1"]

1. b3 d5 2. e3 e5 3. Bb2 Bd6 4. c4 Nf6 5. c5 Bxc5 6. Bxe5 0-0 7. Nf3 Bg4 8. Be2 Nbd7 9. Bb2 Re8 10. 0-0 c6 11. Nd4 Bxe2 12. Qxe2 a5 13. d3 a4 14. Nd2 Qb6 15. N2f3 Bxd4 16. Bxd4 c5 17. Bxf6 Nxf6 18. Rab1 axb3 19. Rxb3 Qa6 20. Qb2 Re7 21. Rc1 Rc7 22. Ne5 Ra7 23. Rc2 Ne8 24. Rb5 f6 25. Nf3 Qd6 26. h3 Rc6 27. Qb3 Raa6 28. e4 Nc7 29. Rxb7 Rab6 30. Rxb6 Rxb6 31. Qc3 dxe4 32. Qc4+ Ne6 33. Qxe4 Rb1+ 34. Ne1 Nf4 35. Rd2 Nxd3 36. Rxd3 Qe5 37. Rd8+ 1-0

[Event "Otocec Krka Terme op"]
[Site "Otocec"]
[Date "2018.12.27"]
[Round "6"]
[White "Danculovic, Jovica"]
[Black "Pajek, Tjasa"]
[Result "1-0"]
[WhiteElo "1854"]
[BlackElo "1384"]
[PlyCount "69"]
[EventDate "2018.12.25"]
[EventType "swiss"]
[EventRounds "9"]
[EventCountry "SLO"]
[SourceTitle "EXT 2020"]
[Source "ChessBase"]
[SourceDate "2019.10.17"]
[SourceVersion "1"]
[SourceVersionDate "2019.10.17"]
[SourceQuality "1"]

1. e4 e5 2. f4 exf4 3. Nf3 Nc6 4. d4 d5 5. exd5 Qxd5 6. Bxf4 Qe4+ 7. Qe2 Qxe2+ 8. Bxe2 Bd6 9. Bxd6 cxd6 10. Nc3 Bf5 11. 0-0-0 Nf6 12. Nb5 Rd8 13. d5 Nb4 14. Nfd4 Be4 15. Bc4 0-0 16. Nxa7 Nbxd5 17. Bxd5 Bxd5 18. Nf5 Rfe8 19. Nb5 Re2 20. Nc3 Bxg2 21. Nxe2 Bxh1 22. Rxh1 g6 23. Nfd4 Ra8 24. a3 Ra5 25. Nc3 Rh5 26. b4 Rh3 27. Kd2 Ng4 28. a4 Nxh2 29. Rb1 Nf3+ 30. Nxf3 Rxf3 31. a5 f5 32. b5 d5 33. a6 bxa6 34. b6 d4 35. Nd5 1-0

[Event "SLO-chT2 West"]
[Site "Komenda"]
[Date "2018.11.11"]
[Round "3.5"]
[White "Ursic, Mateja"]
[Black "Danculovic, Jovica"]
[Result "0-1"]
[WhiteElo "1985"]
[BlackElo "1798"]
[PlyCount "86"]
[EventDate "2018.11.10"]
[EventType "team-tourn"]
[EventRounds "7"]
[EventCountry "SLO"]
[SourceTitle "EXT 2020"]
[Source "ChessBase"]
[SourceDate "2019.10.17"]
[SourceVersion "1"]
[SourceVersionDate "2019.10.17"]
[SourceQuality "1"]
[WhiteTeam "Posocje"]
[BlackTeam "Stari Trg ob Kolpi"]
[WhiteTeamCountry "SLO"]
[BlackTeamCountry "SLO"]

1. e4 c5 2. Nc3 g6 3. f4 Nc6 4. Bb5 Nd4 5. Bc4 Bg7 6. Nge2 e6 7. 0-0 Ne7 8. Bb3 0-0 9. d3 Nec6 10. Qe1 Nxb3 11. axb3 f5 12. Ng3 Nd4 13. Qd1 b6 14. Nce2 Bb7 15. c3 Nxe2+ 16. Qxe2 Re8 17. e5 d5 18. d4 cxd4 19. cxd4 a5 20. Rf3 Ba6 21. Qd1 Bf8 22. Bd2 Qd7 23. Nf1 Qb5 24. h3 Rac8 25. g4 fxg4 26. hxg4 Qe2 27. Bc3 Qxd1 28. Rxd1 Be2 29. Rdd3 Bxd3 30. Rxd3 Bb4 31. Ng3 Bxc3 32. bxc3 b5 33. f5 b4 34. c4 dxc4 35. bxc4 Rxc4 36. Ne4 Re7 37. f6 Rd7 38. Nd6 Rxd6 39. exd6 Rc6 40. d7 Rd6 41. Re3 Kf7 42. g5 Rxd7 43. Re4 Rd5 0-1

[Event "SLO-ch"]
[Site "Otocec"]
[Date "2016.04.30"]
[Round "8"]
[White "Stevanic, David"]
[Black "Danculovic, Jovica"]
[Result "1-0"]
[WhiteElo "2125"]
[BlackElo "1787"]
[PlyCount "45"]
[EventDate "2016.04.23"]
[EventType "swiss"]
[EventRounds "9"]
[EventCountry "SLO"]
[SourceTitle "CBM 172 Extra"]
[Source "ChessBase"]
[SourceDate "2016.06.21"]
[SourceVersion "1"]
[SourceVersionDate "2016.06.21"]
[SourceQuality "1"]

1. e4 c5 2. c3 d5 3. exd5 Qxd5 4. d4 Nc6 5. Nf3 e5 6. Nxe5 Nxe5 7. dxe5 Qxe5+ 8. Be3 Nf6 9. Nd2 Bd7 10. Qb3 0-0-0 11. Nf3 Qf5 12. Bc4 Ne4 13. Bxf7 Nd6 14. Bd5 b6 15. 0-0-0 Re8 16. a4 Qg4 17. c4 Qxg2 18. a5 Kc7 19. axb6+ axb6 20. Qa3 Rb8 21. Qa7+ Kc8 22. Qxd7+ Kxd7 23. Ne5+ 1-0

[Event "SLO-chT1 West"]
[Site "Ljubljana"]
[Date "2015.11.08"]
[Round "6"]
[White "Skok, Joze"]
[Black "Danculovic, Jovica"]
[Result "1-0"]
[WhiteElo "1999"]
[BlackElo "1777"]
[PlyCount "45"]
[EventDate "2015.10.16"]
[EventType "team-tourn"]
[EventRounds "9"]
[EventCountry "SLO"]
[SourceTitle "EXT 2019"]
[Source "ChessBase"]
[SourceDate "2018.10.10"]
[SourceVersion "1"]
[SourceVersionDate "2018.10.10"]
[SourceQuality "1"]
[WhiteTeam "Domzale"]
[BlackTeam "Stari Trg op Kolpi"]
[WhiteTeamCountry "SLO"]
[BlackTeamCountry "SLO"]

1. e4 c5 2. c3 d5 3. exd5 Qxd5 4. d4 Nc6 5. Nf3 e5 6. Nxe5 Nxe5 7. dxe5 Qxe5+ 8. Be3 Bd7 9. Nd2 0-0-0 10. Nf3 Qc7 11. Qb3 Be6 12. Bc4 Bxc4 13. Qxc4 Bd6 14. 0-0-0 h6 15. Qg4+ f5 16. Qxf5+ Rd7 17. Ne5 Nf6 18. Nxd7 Nxd7 19. Rd5 Rf8 20. Qe6 Bf4 21. Rhd1 Bxe3+ 22. fxe3 Rd8 23. e4 1-0

[Event "SLO-chT1 West"]
[Site "Ljubljana"]
[Date "2015.11.07"]
[Round "5"]
[White "Danculovic, Jovica"]
[Black "Kejzar, Petra"]
[Result "1-0"]
[WhiteElo "1777"]
[BlackElo "1930"]
[PlyCount "125"]
[EventDate "2015.10.16"]
[EventType "team-tourn"]
[EventRounds "9"]
[EventCountry "SLO"]
[SourceTitle "EXT 2019"]
[Source "ChessBase"]
[SourceDate "2018.10.10"]
[SourceVersion "1"]
[SourceVersionDate "2018.10.10"]
[SourceQuality "1"]
[WhiteTeam "Stari Trg op Kolpi"]
[BlackTeam "Prevodi Dvojka"]
[WhiteTeamCountry "SLO"]
[BlackTeamCountry "SLO"]

1. e4 c5 2. c3 d5 3. exd5 Qxd5 4. d4 Nc6 5. Nf3 e6 6. Na3 cxd4 7. Nb5 Bd6 8. Bc4 Qe4+ 9. Qe2 Qxe2+ 10. Kxe2 Bb8 11. Nbxd4 Nge7 12. Rd1 0-0 13. Be3 a6 14. a4 e5 15. Nxc6 Nxc6 16. Bc5 e4 17. Ng5 Bg4+ 18. Ke1 Bxd1 19. Bxf8 Bc2 20. Ba3 Ne5 21. Bd5 e3 22. fxe3 Ba7 23. e4 h6 24. Nf3 Ng4 25. Kd2 Bxa4 26. Bxb7 Rd8+ 27. Bd5 Bb3 28. Be7 Rd7 29. Bb4 Bxd5 30. exd5 Rxd5+ 31. Ke2 Bb8 32. h3 Nf6 33. Rxa6 Bf4 34. c4 Rd8 35. Be7 Re8 36. b4 Rxe7+ 37. Kd3 Rd7+ 38. Kc3 Ne4+ 39. Kb3 Rb7 40. Rc6 Kf8 41. c5 Ke8 42. Kc4 Nd2+ 43. Nxd2 Bxd2 44. b5 Be3 45. b6 Bf4 46. Rc8+ Kd7 47. Rg8 g6 48. Kb5 Rb8 49. c6+ Ke7 50. Rxb8 Bxb8 51. c7 Bxc7 52. bxc7 Kd7 53. Kb6 Kc8 54. Kc6 f5 55. Kd6 f4 56. Ke5 Kxc7 57. Kf6 Kd6 58. Kxg6 Ke6 59. Kxh6 Kf6 60. Kh5 Kf5 61. h4 f3 62. gxf3 Kf4 63. Kg6 1-0

[Event "SLO-chT2 West"]
[Site "Ljubljana"]
[Date "2014.11.09"]
[Round "9.1"]
[White "Grabljevec, Stane"]
[Black "Danculovic, Jovica"]
[Result "1/2-1/2"]
[WhiteElo "1807"]
[BlackElo "1966"]
[PlyCount "81"]
[EventDate "2014.10.17"]
[EventType "team-tourn"]
[EventRounds "9"]
[EventCountry "SLO"]
[SourceTitle "EXT 2019"]
[Source "ChessBase"]
[SourceDate "2018.10.10"]
[SourceVersion "1"]
[SourceVersionDate "2018.10.10"]
[SourceQuality "1"]
[WhiteTeam "Sticna Visnja Gora"]
[BlackTeam "Stari Trg ob Kolpi"]
[WhiteTeamCountry "SLO"]
[BlackTeamCountry "SLO"]

1. e4 c5 2. Nf3 d6 3. d4 cxd4 4. Nxd4 Nf6 5. Nc3 g6 6. Be3 Bg7 7. f3 Nc6 8. Qd2 0-0 9. 0-0-0 d5 10. Nxc6 bxc6 11. exd5 Nxd5 12. Nxd5 cxd5 13. Qxd5 Qc7 14. Qc5 Qb7 15. Qb5 Qc7 16. Qc5 Qb8 17. Bd4 Bf5 18. Ba6 Qf4+ 19. Be3 Qa4 20. Qc4 Bxc2 21. Qxa4 Bxa4 22. b3 Bc6 23. Bd4 Rfd8 24. Bxg7 Kxg7 25. Rxd8 Rxd8 26. Rd1 Rxd1+ 27. Kxd1 Kf6 28. Kd2 Ke5 29. Ke3 f5 30. f4+ Kd6 31. g3 e5 32. fxe5+ Kxe5 33. h4 h6 34. b4 g5 35. hxg5 hxg5 36. b5 Bd5 37. a4 Bb3 38. a5 Bc4 39. Kf3 Kd4 40. Bc8 Bd5+ 41. Kf2 1/2-1/2

[Event "SLO-chT2 West"]
[Site "Ljubljana"]
[Date "2014.10.18"]
[Round "2.6"]
[White "Danculovic, Jovica"]
[Black "Hozjan, Erik"]
[Result "1/2-1/2"]
[WhiteElo "1966"]
[BlackElo "1848"]
[PlyCount "86"]
[EventDate "2014.10.17"]
[EventType "team-tourn"]
[EventRounds "9"]
[EventCountry "SLO"]
[SourceTitle "EXT 2019"]
[Source "ChessBase"]
[SourceDate "2018.10.10"]
[SourceVersion "1"]
[SourceVersionDate "2018.10.10"]
[SourceQuality "1"]
[WhiteTeam "Stari Trg ob Kolpi"]
[BlackTeam "Posocje"]
[WhiteTeamCountry "SLO"]
[BlackTeamCountry "SLO"]

1. e4 c5 2. c3 d5 3. exd5 Qxd5 4. d4 Nf6 5. Nf3 Bg4 6. Be2 e6 7. 0-0 Nc6 8. h3 Bh5 9. Be3 Rd8 10. dxc5 Qxd1 11. Rxd1 Rxd1+ 12. Bxd1 Ne4 13. b4 Be7 14. g4 Bg6 15. Nfd2 Bf6 16. Nxe4 Bxe4 17. g5 Be5 18. f4 Bxb1 19. fxe5 Bf5 20. Ba4 Ke7 21. Bxc6 bxc6 22. h4 Rd8 23. Bd4 a5 24. a3 a4 25. Kf2 Bd3 26. Ke3 Bc4 27. Rh1 Rh8 28. Kf4 h6 29. Rg1 hxg5+ 30. Kxg5 g6 31. Be3 Rh5+ 32. Kf4 Rxh4+ 33. Kg3 Re4 34. Bg5+ Kd7 35. Rd1+ Bd5 36. Bf4 Kc8 37. Rd4 Kb7 38. Rxe4 Bxe4 39. Kf2 Ka6 40. Ke3 Bd5 41. Kd4 Kb5 42. Ke3 Be4 43. Kd4 Bd5 1/2-1/2